01436nam a2200325Ia 450000500170000000800370001702000180005404100080007208200190008011000200009924000350011924501200015425000190027430000530029349000230034650503250036965000320069465000300072665000450075665000350080165000570083670000400089394200130093326400260094633600270097233700330099933800280103204000350106099900150109520220317001846.0170410s2016 c g 000 0 s a9789587694802 aspa04aR 344.05bC64c2 aColombia921445 aCódigo nacional de policía10aCódigo nacional de policía y convivenciabconforme con la ley 1801 de 2016banotadocJoséArmando Ruiz Salazar a33a. edición a[509] páginas (en paginación variada)c22 cm aCódigos anotados aLibro primero: disposiciones generales -- Libro segundo: de la libertad, los derechos y deberes de las personas en materia de convivencia -- Libro tercero: medios de policía, medidas correctivas, autoridades de policía y competencias, procedimientos, mecanismos alternativos de solución de desacuerdos o conflictos142LEMBaConvivencia ciudadana142LEMBaPolicíazColombia142LEMBaReglamentos de policíazColombia142LEMBaSolución de conflictos142LEMBaPoder de la PolicíavLegislaciónzColombia1 aRuiz Salazar, José Armando978015 2ddccREF aBogotábLeyerc2016 atextobtxt2rdacontent asin mediaciónbn2rdamedia avolumenbnc2rdacarrier aCO-BoRNBPbspaerdacCO-BoRNBP c8328d8328